000 00517cam a2200169 4500500
005 20260405002137.0
041 _afre
042 _adc
100 1 0 _aPortevin, Catherine
_eauthor
245 0 0 _aLe moment du vivant
260 _c2016.
500 _a52
690 _aArnaud François
690 _aFrédéric Worms
786 0 _nPhilosophie magazine | 96 | 2 | 2016-02-01 | p. 66-66 | 1951-1787
856 4 1 _uhttps://shs.cairn.info/magazine-philosophie-magazine-2016-2-page-66?lang=fr&redirect-ssocas=7080
999 _c2054708
_d2054708